000 00735nam a2200193 i 4500
001 142708
003 ES-MaACL
005 20230906200611.0
007 t|
008 071009s1962 sp ||||1| spa d
100 1 _aViéitez Cortizo, Ernesto.
_9114572
245 1 0 _aTécnica rápida para el diagnóstico de la susceptibilidad de los castaños a la enfermedad de la "tinta" /
_cpor Ernesto Vieitez.
260 _aMadrid :
_b[s.n.,
_c1962]
300 _a10 p., 2 h. de lám. :
_bil. ;
_c24 cm.
500 _aPrecede al tít.: Instituto Forestal de Investigaciones y Experiencias.
650 1 4 _aCastaños.
_910816
710 2 _aInstituto Forestal de Investigaciones y Experiencias.
_95059
852 _aES-MaACL
_j1970-F-23
_bR.55160
999 _c142708
_d142708